[Event "XXVI. Rhein-Main-Open, Gruppe A"]
[Site "Bad Homburg vor der Höhe"]
[Date "2024.05.29"]
[Round "2"]
[White "Nagel, Daniel"]
[Black "Minor, Samuel"]
[Result "1/2-1/2"]
[WhiteElo "1928"]
[BlackElo "2210"]
[PlyCount "39"]
[EventDate "2024.??.??"]
[WhiteTeam "SF Neuberg"]
[BlackTeam "Wiesbadener SV 1885"]

1. d4 Nf6 2. Nf3 d5 3. g3 Bf5 4. Bg2 e6 5. c4 c6 6. Nc3 Nbd7 7. Qb3 Qb6 8. c5 Qxb3 9. axb3 a6 10. b4 Rd8 11. h3 Be7 12. g4 Bg6 13. Bf4 Ne4 14. Nd2 Nxd2 15. Kxd2 Bf6 16. e3 e5 17. Bg3 e4 18. h4 h6 19. Ne2 Nf8 20. Nf4 1/2-1/2

[Event "XXVI. Rhein-Main-Open, Gruppe A"]
[Site "Bad Homburg vor der Höhe"]
[Date "2024.05.29"]
[Round "2"]
[White "Neukirchner, Pascal"]
[Black "Schroeder, Juergen"]
[Result "1-0"]
[WhiteElo "2212"]
[BlackElo "2017"]
[PlyCount "69"]
[EventDate "2024.??.??"]
[WhiteTeam "SK Gründau"]
[BlackTeam "SC Matt im Park Ffm"]

1. d4 g6 2. e4 Bg7 3. Nf3 d6 4. Bc4 Nf6 5. Qe2 O-O 6. O-O Nc6 7. e5 Ne8 8. c3 Bg4 9. exd6 Nxd6 10. Bd5 Qd7 11. h3 Bxf3 12. Qxf3 Nd8 13. Re1 Rc8 14. Bg5 e6 15. Bb3 c5 16. dxc5 Rxc5 17. Be3 Rf5 18. Qe2 Nc6 19. Nd2 Qc7 20. g4 Ra5 21. Rad1 Ra6 22. Bf4 Na5 23. Bc2 Qc8 24. Bd3 Rc6 25. Nf3 Nac4 26. Nd4 Rb6 27. Bc1 e5 28. Nb3 a5 29. Bxc4 Nxc4 30. Rd5 a4 31. Rc5 axb3 32. Rxc8 bxa2 33. Rxf8+ Bxf8 34. Be3 Nxe3 35. fxe3 1-0

[Event "XXVI. Rhein-Main-Open, Gruppe A"]
[Site "Bad Homburg vor der Höhe"]
[Date "2024.05.29"]
[Round "2"]
[White "Oezdemir, Ali Oezden"]
[Black "Poetsch, Hagen"]
[Result "0-1"]
[WhiteElo "2005"]
[BlackElo "2462"]
[PlyCount "74"]
[EventDate "2024.??.??"]
[WhiteTeam "SK Langen"]
[BlackTeam "SC Heusenstamm"]

1. e4 e6 2. d3 d5 3. Nd2 Nc6 4. Ngf3 g5 5. h3 h5 6. d4 Bg7 7. c3 g4 8. hxg4 hxg4 9. Rxh8 Bxh8 10. Ng1 e5 11. dxe5 Nxe5 12. Qc2 Nf6 13. exd5 Qxd5 14. Nb3 Bf5 15. Qd2 Bd3 16. Nd4 Bxf1 17. Kxf1 O-O-O 18. Qe1 c5 19. Nb3 Qc4+ 20. Ne2 Nd3 21. Nd2 Nxe1 22. Nxc4 Nc2 23. Bf4 Nxa1 24. Nd6+ Rxd6 25. Bxd6 Ne4 26. Bf4 Nc2 27. Nc1 Kd7 28. Ke2 Ke6 29. Kd1 Nd4 30. cxd4 Nxf2+ 31. Ke2 Bxd4 32. Nb3 Ne4 33. Kd3 Kd5 34. Na5 c4+ 35. Kc2 b6 36. Nb7 Bf6 37. b3 Kc6 0-1

[Event "XXVI. Rhein-Main-Open, Gruppe A"]
[Site "Bad Homburg vor der Höhe"]
[Date "2024.05.29"]
[Round "2"]
[White "Olson, Philip Christoph"]
[Black "Nickel, Jonas"]
[Result "0-1"]
[WhiteElo "1792"]
[BlackElo "1908"]
[PlyCount "56"]
[EventDate "2024.??.??"]
[WhiteTeam "SC Bad Nauheim"]
[BlackTeam "Schachdr. Büdingen-Wächtersbach"]

1. e4 c5 2. Nf3 g6 3. d4 cxd4 4. Nxd4 Bg7 5. Be3 Nf6 6. Nc3 Nc6 7. Nb3 O-O 8. Be2 d6 9. Qd2 Be6 10. Rd1 Ne5 11. O-O b5 12. Bxb5 Bc4 13. Bxc4 Nxc4 14. Qc1 Qc7 15. Rfe1 Rfc8 16. Rd3 Nxb2 17. Qxb2 Nxe4 18. Bd4 Bxd4 19. Nxd4 Nxc3 20. h3 Rab8 21. Qa3 Nb5 22. Nxb5 Rxb5 23. Rde3 e6 24. c3 Rc5 25. Rd1 d5 26. g3 a5 27. Rc1 d4 28. Rd3 Rxc3 0-1

[Event "XXVI. Rhein-Main-Open, Gruppe A"]
[Site "Bad Homburg vor der Höhe"]
[Date "2024.05.29"]
[Round "2"]
[White "Papadopoulos, Ioannis"]
[Black "Thomas, Tobias"]
[Result "1/2-1/2"]
[WhiteElo "2198"]
[BlackElo "1967"]
[PlyCount "83"]
[EventDate "2024.??.??"]
[WhiteTeam "SV Oberursel"]
[BlackTeam "SK Langen"]

1. e4 c5 2. Nf3 e6 3. d4 cxd4 4. Nxd4 a6 5. Bd3 Bc5 6. Nb3 Ba7 7. Qe2 Nc6 8. Be3 Nge7 9. Nc3 b5 10. a3 O-O 11. O-O f5 12. exf5 Nxf5 13. Bxa7 Rxa7 14. Rad1 Qb6 15. Qh5 g6 16. Qg5 Ne5 17. Ne4 Nxd3 18. Rxd3 d5 19. Nf6+ Kh8 20. Rh3 Qd8 21. g4 Qxf6 22. Qxf6+ Rxf6 23. gxf5 gxf5 24. f4 Rg7+ 25. Rg3 Rfg6 26. Kf2 Rg4 27. Rxg4 Rxg4 28. Kf3 Kg7 29. h3 Rg6 30. Re1 Kf6 31. Re3 d4 32. Nxd4 Bb7+ 33. Kf2 Be4 34. Nf3 Bxf3 35. Kxf3 Rg1 36. Rc3 Rb1 37. b3 Ra1 38. Rc7 h6 39. Rh7 Kg6 40. Re7 Kf6 41. Rh7 Kg6 42. Re7 1/2-1/2

[Event "XXVI. Rhein-Main-Open, Gruppe A"]
[Site "Bad Homburg vor der Höhe"]
[Date "2024.05.29"]
[Round "2"]
[White "Pichl, Christoph"]
[Black "Henn, Jakob"]
[Result "1-0"]
[WhiteElo "1837"]
[BlackElo "1760"]
[PlyCount "97"]
[EventDate "2024.??.??"]
[WhiteTeam "SK Bad Homburg 1927"]
[BlackTeam "SC Bad Nauheim"]

1. d4 d5 2. g3 Nf6 3. Nf3 e6 4. Bg2 Be7 5. O-O O-O 6. c4 dxc4 7. Qc2 a6 8. a4 Nbd7 9. Nfd2 e5 10. d5 Nb6 11. e4 a5 12. Na3 c6 13. dxc6 bxc6 14. Ndxc4 Nxc4 15. Nxc4 Qc7 16. Be3 Be6 17. Nb6 Rab8 18. Nd5 Bxd5 19. exd5 c5 20. Rac1 Rfc8 21. Bh3 Nd7 22. Rfd1 Bd6 23. b3 Qb7 24. Qc3 Ra8 25. Qc4 Rc7 26. Bf1 Rb8 27. Rb1 Nf6 28. Bg5 Nd7 29. Qc2 h6 30. Bd2 Qb6 31. Bc4 Nf6 32. Bc3 Rcb7 33. Re1 Qc7 34. Qf5 Nd7 35. Bb5 f6 36. Qe6+ Kh8 37. Bxa5 Qxa5 38. Qxd6 Nf8 39. Qxc5 Rc7 40. Qe3 Rc3 41. Qe2 Rd8 42. Red1 Qb4 43. Rd3 Rdc8 44. d6 Rc2 45. Qd1 Qc5 46. Rd2 Rc3 47. Bc4 e4 48. Rd5 Qa7 49. Qd4 1-0

[Event "XXVI. Rhein-Main-Open, Gruppe A"]
[Site "Bad Homburg vor der Höhe"]
[Date "2024.05.29"]
[Round "2"]
[White "Qayumi, Roman"]
[Black "Sassmannshausen, Mark"]
[Result "1-0"]
[WhiteElo "1889"]
[BlackElo "1939"]
[PlyCount "107"]
[EventDate "2024.??.??"]
[WhiteTeam "SK Stadtallendorf"]
[BlackTeam "SV Oberursel"]

1. d4 Nf6 2. c4 g6 3. Nc3 d5 4. Bf4 Bg7 5. e3 O-O 6. Rc1 Be6 7. Qb3 c5 8. Qxb7 Nbd7 9. cxd5 Bf5 10. Ba6 Qa5 11. Nge2 Nxd5 12. Qb5 Qxb5 13. Bxb5 Nxf4 14. Nxf4 cxd4 15. exd4 Bxd4 16. Nfd5 Kg7 17. O-O e5 18. Rfe1 Rab8 19. b3 Nc5 20. Red1 Ne4 21. Nxe4 Rxb5 22. Ndc3 Ra5 23. b4 Ra3 24. Nb5 Rxa2 25. Nxd4 Bxe4 26. Nb5 Rb8 27. Nc3 Rc2 28. Nxe4 Rxc1 29. Rxc1 Rxb4 30. f3 Rb7 31. Ra1 h5 32. h4 f5 33. Nd6 Rd7 34. Nb5 Kh6 35. Kf2 Rb7 36. Nxa7 Rb2+ 37. Kg1 Rb4 38. Nc6 Rb5 39. Re1 g5 40. hxg5+ Kxg5 41. Nxe5 Kf4 42. Kh2 h4 43. Nd3+ Kg5 44. Kh3 Rd5 45. Re3 Rd4 46. f4+ Kh5 47. g3 hxg3 48. Kxg3 Rd8 49. Ne1 Rg8+ 50. Kf3 Kh4 51. Ng2+ Kh3 52. Kf2+ Kh2 53. Nh4 Rf8 54. Rg3 1-0

[Event "XXVI. Rhein-Main-Open, Gruppe A"]
[Site "Bad Homburg vor der Höhe"]
[Date "2024.05.29"]
[Round "2"]
[White "Rabiya, Karim"]
[Black "Ploder, Udo"]
[Result "1/2-1/2"]
[WhiteElo "1814"]
[BlackElo "1936"]
[PlyCount "90"]
[EventDate "2024.??.??"]
[WhiteTeam "SK Niederbrechen 1948"]
[BlackTeam "SF Braunfels"]

1. e4 e5 2. Nf3 Nc6 3. Bc4 Nf6 4. Ng5 d5 5. exd5 b5 6. Bxb5 Qxd5 7. Nc3 Qxg2 8. Qf3 Qxf3 9. Nxf3 Bd7 10. O-O Bd6 11. Re1 Nb4 12. d4 Bxb5 13. Nxb5 Nxc2 14. Re2 Nxa1 15. dxe5 O-O 16. b3 Rfe8 17. Kf1 Nd7 18. Bb2 Nxe5 19. Nxe5 f6 20. Nd3 Rxe2 21. Kxe2 Nxb3 22. Nxd6 cxd6 23. axb3 Kf7 24. Ke3 Rb8 25. b4 Rb5 26. h3 a5 27. Ba3 axb4 28. Bxb4 Ke7 29. f3 g5 30. f4 h6 31. Ke4 Ke6 32. f5+ Rxf5 33. Bxd6 Rf1 34. Bf8 f5+ 35. Ke3 h5 36. Bh6 Kf6 37. h4 gxh4 38. Nf4 Ra1 39. Bf8 Kg5 40. Be7+ Kg4 41. Nd3 Ra4 42. Bd6 Re4+ 43. Kf2 Ra4 44. Ke2 Ra2+ 45. Ke3 f4+ 1/2-1/2

[Event "XXVI. Rhein-Main-Open, Gruppe A"]
[Site "Bad Homburg vor der Höhe"]
[Date "2024.05.29"]
[Round "2"]
[White "Scheerer, Amelie"]
[Black "Fischer, Daniel"]
[Result "1/2-1/2"]
[WhiteElo "1734"]
[BlackElo "1977"]
[PlyCount "97"]
[EventDate "2024.??.??"]
[WhiteTeam "SV 1934 Ffm-Griesheim"]

1. e4 c5 2. Nf3 Nc6 3. d4 cxd4 4. Nxd4 g6 5. Nc3 Bg7 6. Be3 Nf6 7. Bc4 O-O 8. Bb3 Re8 9. O-O d6 10. h3 a6 11. Qd2 Na5 12. f4 b5 13. a3 Nxb3 14. cxb3 Bb7 15. Qd3 e5 16. Nde2 exf4 17. Rxf4 Nh5 18. Rf2 Qe7 19. Bf4 Nxf4 20. Rxf4 Bh6 21. Rg4 Bc8 22. Rg3 Be6 23. Nd4 Bg7 24. Nxe6 fxe6 25. Rd1 Be5 26. Rf3 Rf8 27. Rdf1 Qa7+ 28. Kh1 Qc5 29. b4 Qc6 30. Qe3 Bg7 31. Qf2 Rxf3 32. Qxf3 Rf8 33. Qd3 Rxf1+ 34. Qxf1 Bxc3 35. bxc3 Qxc3 36. Qf4 Qd4 37. Qh4 Qa1+ 38. Kh2 Qe5+ 39. Kh1 g5 40. Qh5 d5 41. Qe8+ Kg7 42. exd5 Qxd5 43. Qe7+ Kg6 44. Qe8+ Kh6 45. Qf8+ Kh5 46. Qf7+ Kh4 47. Qf2+ Kh5 48. Qf7+ Kh6 49. Qf6+ 1/2-1/2

[Event "XXVI. Rhein-Main-Open, Gruppe A"]
[Site "Bad Homburg vor der Höhe"]
[Date "2024.05.29"]
[Round "2"]
[White "Schmid, Roland"]
[Black "von Auer, Ulrich"]
[Result "0-1"]
[WhiteElo "2197"]
[BlackElo "1981"]
[PlyCount "96"]
[EventDate "2024.??.??"]
[WhiteTeam "SG Post/Süd Regensburg"]
[BlackTeam "SV Oberursel"]

1. Nf3 Nf6 2. c4 g6 3. g3 Bg7 4. Bg2 d5 5. cxd5 Nxd5 6. d4 Nb6 7. Nc3 Nc6 8. e3 O-O 9. O-O Re8 10. d5 Na5 11. Qc2 c6 12. dxc6 Nxc6 13. Rd1 Bd7 14. e4 Rc8 15. Qe2 Bxc3 16. bxc3 Qc7 17. Bf4 e5 18. Bg5 Na5 19. Rdc1 Nac4 20. h3 Kg7 21. Bf1 h6 22. Bd2 Red8 23. Rab1 Be6 24. Be3 Ra8 25. Rb5 Nd7 26. Nd2 a6 27. Rb4 Nxe3 28. Qxe3 Nc5 29. Bc4 Bxh3 30. Bd5 Rac8 31. a4 Be6 32. c4 Qa5 33. Rcb1 Bxd5 34. cxd5 Nxa4 35. Nc4 Qc5 36. Rxa4 b5 37. Rxa6 bxc4 38. Qc3 Qd4 39. Qc2 Rb8 40. Raa1 c3 41. Rd1 Qc5 42. Rac1 Rb4 43. Re1 Rc8 44. Re3 Qd4 45. Rd1 Rb2 46. Qc1 Rd2 47. Rf1 c2 48. Ree1 Rb8 0-1

[Event "XXVI. Rhein-Main-Open, Gruppe A"]
[Site "Bad Homburg vor der Höhe"]
[Date "2024.05.29"]
[Round "2"]
[White "Schmidt, Kai Uwe"]
[Black "Haack, Kevin"]
[Result "0-1"]
[WhiteElo "2001"]
[BlackElo "2286"]
[PlyCount "80"]
[EventDate "2024.??.??"]
[WhiteTeam "SC Pirmasens 1912"]
[BlackTeam "SV 1920 Hofheim"]

1. d4 Nf6 2. Nf3 e6 3. g3 b5 4. a4 b4 5. c4 Bb7 6. Bg2 c5 7. d5 exd5 8. Nh4 d6 9. cxd5 g6 10. O-O Bg7 11. Nd2 Nbd7 12. a5 O-O 13. Nc4 Ba6 14. Qc2 Rb8 15. Bf4 b3 16. Qc1 Rb4 17. Nd2 Rxf4 18. gxf4 Nh5 19. Ndf3 Bf6 20. Ng5 h6 21. Ne6 fxe6 22. Nxg6 exd5 23. Nxf8 Qxf8 24. Bxd5+ Kh8 25. Bf3 Qg7+ 26. Kh1 Bxb2 27. Qd1 Bxa1 28. Bxh5 Bb7+ 29. f3 c4 30. a6 Bc6 31. Qxd6 Qf6 32. Qb4 Bd5 33. e4 Bc3 34. Qa4 Qc6 35. Qa3 Qc5 36. Qc1 Bd4 37. exd5 c3 38. Bg4 c2 39. Bf5 Qc3 40. Be4 Be3 0-1

[Event "XXVI. Rhein-Main-Open, Gruppe A"]
[Site "Bad Homburg vor der Höhe"]
[Date "2024.05.29"]
[Round "2"]
[White "Schmitt, Clemens"]
[Black "Soppa, Christoph"]
[Result "0-1"]
[WhiteElo "1884"]
[BlackElo "1949"]
[PlyCount "84"]
[EventDate "2024.??.??"]
[WhiteTeam "SV Bergwinkel"]
[BlackTeam "SSG Hungen-Lich"]

1. c4 f5 2. Nf3 Nf6 3. g3 d6 4. d4 g6 5. Bg2 Bg7 6. O-O O-O 7. b3 Ne4 8. Bb2 Nd7 9. Nbd2 Ndf6 10. Qc2 c6 11. Rad1 a5 12. a4 Qc7 13. Ne1 Nxd2 14. Rxd2 e5 15. dxe5 dxe5 16. Ba3 Re8 17. Bd6 Qf7 18. Ba3 f4 19. Nf3 Bf5 20. Qc1 h6 21. gxf4 exf4 22. Nd4 Ne4 23. Nxf5 Qxf5 24. Rd3 g5 25. Bb2 Nc5 26. Rd6 Rxe2 27. Bxg7 Kxg7 28. Qc3+ Qe5 29. Qxe5+ Rxe5 30. Rfd1 Rae8 31. Bh3 Nxb3 32. Rd7+ R5e7 33. Bg4 Nc5 34. R7d6 Re1+ 35. Rxe1 Rxe1+ 36. Kg2 Re4 37. Bf5 Rxc4 38. Rg6+ Kf7 39. Rxh6 Rxa4 40. Rg6 Rd4 41. Rxg5 Kf6 42. Rh5 Rd5 0-1

[Event "XXVI. Rhein-Main-Open, Gruppe A"]
[Site "Bad Homburg vor der Höhe"]
[Date "2024.05.29"]
[Round "2"]
[White "Schneider, Till"]
[Black "Jenisch, Achim"]
[Result "0-1"]
[WhiteElo "1838"]
[BlackElo "1948"]
[PlyCount "46"]
[EventDate "2024.??.??"]
[WhiteTeam "SC Brett vorm Kopp Ffm"]
[BlackTeam "SF Botvinnik Steinsfurt"]

1. e4 e6 2. d4 b5 3. Bxb5 Bb7 4. Bd3 f5 5. Nc3 Bb4 6. Qe2 Nf6 7. Bg5 h6 8. Bxf6 Qxf6 9. e5 Qg6 10. f3 Nc6 11. Qf2 Nxd4 12. Nge2 Nxe2 13. Qxe2 O-O 14. O-O-O Bxc3 15. bxc3 Qg5+ 16. Rd2 Rab8 17. Rg1 Qe7 18. Kd1 Bxf3 19. Qxf3 Rb1+ 20. Ke2 Rxg1 21. Bc4 Qc5 22. Bb3 Qxe5+ 23. Kf2 Qe1# 0-1

[Event "XXVI. Rhein-Main-Open, Gruppe A"]
[Site "Bad Homburg vor der Höhe"]
[Date "2024.05.29"]
[Round "2"]
[White "Schulze, Fabian"]
[Black "Hessler Carbonell, Louis"]
[Result "1-0"]
[WhiteElo "1790"]
[BlackElo "1874"]
[PlyCount "115"]
[EventDate "2024.??.??"]
[WhiteTeam "SC Steinbach"]
[BlackTeam "SK Marburg 1931/72"]

1. d4 Nf6 2. c3 c5 3. Nf3 e6 4. Bf4 cxd4 5. cxd4 Bb4+ 6. Bd2 Be7 7. Nc3 d5 8. e3 Nc6 9. Bd3 O-O 10. O-O a6 11. Rc1 Bd6 12. a3 Bd7 13. b4 b5 14. Qe2 Rc8 15. Rc2 Qb6 16. Rfc1 Rfd8 17. Kh1 Bb8 18. Na2 h6 19. a4 Na7 20. a5 Qd6 21. Ne5 Rxc2 22. Rxc2 Rc8 23. Rc5 Ne4 24. Bxe4 dxe4 25. f4 exf3 26. gxf3 Nc6 27. f4 Nxe5 28. fxe5 Qe7 29. Nc3 f6 30. exf6 Qxf6 31. Ne4 Qh4 32. Rxc8+ Bxc8 33. Nc5 e5 34. Be1 Qh3 35. Bg3 Bg4 36. Qg2 Qh5 37. Qd5+ Kh7 38. Qe4+ Kh8 39. Qc2 Bf3+ 40. Kg1 Qg5 41. Qf2 e4 42. Nxa6 Bxg3 43. hxg3 Qh5 44. Qh2 Qf7 45. Nc5 Qc4 46. Qd2 Qd5 47. a6 Qg5 48. Qf2 Qh5 49. Qh2 Qf7 50. Qf2 Qh5 51. Kf1 Qh1+ 52. Qg1 Qh3+ 53. Ke1 Qf5 54. a7 Qd5 55. Qf2 Kh7 56. Qc2 Kg6 57. Nd7 Qg5 58. Qc5 1-0

[Event "XXVI. Rhein-Main-Open, Gruppe A"]
[Site "Bad Homburg vor der Höhe"]
[Date "2024.05.29"]
[Round "2"]
[White "Schulze, Manfred"]
[Black "Hinz, Andre"]
[Result "1/2-1/2"]
[WhiteElo "1887"]
[BlackElo "1855"]
[PlyCount "49"]
[EventDate "2024.??.??"]
[WhiteTeam "SC Steinbach"]
[BlackTeam "SC Brett vorm Kopp Ffm"]

1. e4 e5 2. Bc4 Nf6 3. d4 Nxe4 4. dxe5 Nc5 5. Nc3 d6 6. Be3 Ne6 7. f4 Nc6 8. Nf3 dxe5 9. Nxe5 Nxe5 10. Qxd8+ Kxd8 11. fxe5 c6 12. O-O Ke8 13. Rad1 Be7 14. Ne4 Rf8 15. c3 Nc7 16. Bc5 Bxc5+ 17. Nxc5 b6 18. Ne4 Be6 19. Bxe6 Nxe6 20. Rf2 Rd8 21. Nd6+ Ke7 22. Nf5+ Ke8 23. Nd6+ Ke7 24. Nf5+ Ke8 25. Nd6+ 1/2-1/2

[Event "XXVI. Rhein-Main-Open, Gruppe A"]
[Site "Bad Homburg vor der Höhe"]
[Date "2024.05.29"]
[Round "2"]
[White "Seidel, Andre"]
[Black "Martin, Reiner"]
[Result "1/2-1/2"]
[WhiteElo "2157"]
[BlackElo "1930"]
[PlyCount "103"]
[EventDate "2024.??.??"]
[WhiteTeam "SV Oberursel"]
[BlackTeam "SC Bad Soden"]

1. d4 Nf6 2. c4 c5 3. e3 e6 4. Nc3 Be7 5. Nf3 O-O 6. Be2 d6 7. O-O b6 8. h3 Bb7 9. d5 exd5 10. cxd5 Re8 11. e4 Bf8 12. Qc2 a6 13. a4 Nbd7 14. Re1 Qc7 15. Bf4 g6 16. Nd2 Ne5 17. Bh2 Rab8 18. f4 Ned7 19. Rad1 Bc8 20. Nf3 c4 21. e5 Nh5 22. Nd4 Ng7 23. Nc6 Ra8 24. Bxc4 Bb7 25. Kh1 Rac8 26. e6 Nf6 27. exf7+ Qxf7 28. Qd3 a5 29. Bb5 Nf5 30. Bg1 Nh5 31. Qf3 Nfg3+ 32. Kh2 Bh6 33. Be3 Nf5 34. Bc1 Nxf4 35. Bxf4 Nh4 36. Qf2 Qxf4+ 37. Qxf4 Bxf4+ 38. Kh1 Rxe1+ 39. Rxe1 Rf8 40. Ne2 Bd2 41. Rd1 Bg5 42. Ned4 Rf2 43. g3 Nf3 44. Nxf3 Rxf3 45. Kg2 Rb3 46. Re1 Rxb2+ 47. Kf3 Rb3+ 48. Kg2 Re3 49. Rxe3 Bxe3 50. Kf3 Bg5 51. Ke4 Kg7 52. Nd4 1/2-1/2

[Event "XXVI. Rhein-Main-Open, Gruppe A"]
[Site "Bad Homburg vor der Höhe"]
[Date "2024.05.29"]
[Round "2"]
[White "Sreeramulu, Aarush"]
[Black "Mayer, Frank"]
[Result "1-0"]
[WhiteElo "1887"]
[BlackElo "2009"]
[PlyCount "33"]
[EventDate "2024.??.??"]
[WhiteTeam "SK Marburg 1931/72"]
[BlackTeam "Wiesbadener SV 1885"]

1. d4 d5 2. c4 dxc4 3. e3 Be6 4. Na3 c5 5. Bxc4 Bxc4 6. Nxc4 e6 7. Nf3 Nf6 8. O-O cxd4 9. Nxd4 a6 10. Bd2 Nbd7 11. Nf3 b5 12. Nce5 Nxe5 13. Nxe5 Bd6 14. Ba5 Qxa5 15. Qxd6 Qd8 16. Qc6+ Kf8 17. Qb7 1-0

[Event "XXVI. Rhein-Main-Open, Gruppe A"]
[Site "Bad Homburg vor der Höhe"]
[Date "2024.05.29"]
[Round "2"]
[White "Stiller, Bjoern"]
[Black "Neuhoff, Ulrich"]
[Result "1-0"]
[WhiteElo "1815"]
[BlackElo "1893"]
[PlyCount "69"]
[EventDate "2024.??.??"]
[WhiteTeam "SSG Hungen-Lich"]
[BlackTeam "SK Bad Homburg 1927"]

1. e4 e6 2. Qe2 c5 3. Nf3 Ne7 4. g3 b6 5. Bg2 Bb7 6. O-O g6 7. c3 Ba6 8. d3 Bg7 9. Re1 O-O 10. h4 d6 11. Nbd2 Nd7 12. Nf1 Rc8 13. h5 Nc6 14. hxg6 hxg6 15. Be3 Nde5 16. Nxe5 Nxe5 17. Rad1 d5 18. f4 Nc6 19. Bc1 d4 20. c4 b5 21. b3 Qb6 22. Nh2 Bb7 23. Qg4 Nb4 24. Re2 a5 25. Nf3 Bf6 26. a3 Nc6 27. f5 exf5 28. exf5 Kg7 29. fxg6 fxg6 30. Rde1 bxc4 31. bxc4 Nd8 32. Qh3 Rh8 33. Qd7+ Nf7 34. Rb2 Rc7 35. Qxf7+ 1-0

[Event "XXVI. Rhein-Main-Open, Gruppe A"]
[Site "Bad Homburg vor der Höhe"]
[Date "2024.05.29"]
[Round "2"]
[White "Streit, Juergen"]
[Black "Schmidt, Markus"]
[Result "0-1"]
[WhiteElo "1884"]
[BlackElo "2137"]
[PlyCount "92"]
[EventDate "2024.??.??"]
[WhiteTeam "Schachzirk. Elstertal Langenberg"]
[BlackTeam "SK Niederbrechen 1948"]

1. e4 c5 2. Nf3 e6 3. Qe2 Nc6 4. g3 g6 5. Bg2 Bg7 6. O-O Nge7 7. c3 O-O 8. d3 d6 9. Be3 b6 10. Na3 Ba6 11. Qd2 d5 12. Rfd1 d4 13. cxd4 cxd4 14. Bh6 Rc8 15. Bxg7 Kxg7 16. b4 Bb7 17. b5 Na5 18. Qb2 Qd6 19. Qxd4+ Qxd4 20. Nxd4 Rc3 21. Ndc2 Rfc8 22. Rd2 a6 23. bxa6 Bxa6 24. Bf1 e5 25. Rb1 b5 26. Nb4 Rxa3 27. Nxa6 Nec6 28. Rc2 Rd8 29. Kg2 Nd4 30. Rcb2 Rc8 31. Nb4 Rc5 32. Nd5 Nac6 33. Nc7 Na7 34. Nd5 Nac6 35. Rd2 f6 36. Rbb2 Rc1 37. f4 h5 38. fxe5 fxe5 39. Nb4 Nxb4 40. Rxb4 Ra1 41. Rbb2 Rc3 42. Rf2 Rcc1 43. h3 g5 44. a4 Rxa4 45. Ra2 Rxa2 46. Rxa2 b4 0-1

[Event "XXVI. Rhein-Main-Open, Gruppe A"]
[Site "Bad Homburg vor der Höhe"]
[Date "2024.05.29"]
[Round "2"]
[White "Varma, Christopher"]
[Black "Erdmann, Stefan"]
[Result "0-1"]
[WhiteElo "1936"]
[BlackElo "2110"]
[PlyCount "40"]
[EventDate "2024.??.??"]
[WhiteTeam "SV Oberursel"]
[BlackTeam "SK Bad Homburg 1927"]

1. e4 c5 2. c3 Nf6 3. e5 Nd5 4. Nf3 e6 5. Bc4 d6 6. d4 cxd4 7. Bxd5 exd5 8. Qxd4 Nc6 9. Qe3 dxe5 10. Nxe5 Be6 11. Nf3 Bd6 12. O-O O-O 13. Nbd2 Re8 14. Qd3 Qd7 15. Nb3 Bf5 16. Qd1 Bg4 17. Qd3 Ne5 18. Nxe5 Bxe5 19. Be3 Bf3 20. Bd4 Be2 0-1

[Event "XXVI. Rhein-Main-Open, Gruppe A"]
[Site "Bad Homburg vor der Höhe"]
[Date "2024.05.29"]
[Round "2"]
[White "von Wahden, Jens"]
[Black "Mallmann, Bernd"]
[Result "1/2-1/2"]
[WhiteElo "1930"]
[BlackElo "1862"]
[PlyCount "63"]
[EventDate "2024.??.??"]
[WhiteTeam "SV Oberursel"]
[BlackTeam "Schulschach IGS Trier e.V."]

1. d4 Nf6 2. c4 b6 3. Nf3 Bb7 4. Nc3 e6 5. g3 Bb4 6. Bg2 Ne4 7. Qc2 f5 8. O-O Nxc3 9. bxc3 Be7 10. d5 O-O 11. Nd4 c5 12. d6 Bxg2 13. dxe7 Qxe7 14. Kxg2 cxd4 15. cxd4 Rc8 16. Qb3 Nc6 17. Ba3 d6 18. Qd3 Nd8 19. Rac1 Nf7 20. Rfd1 Qf6 21. f3 e5 22. dxe5 dxe5 23. c5 bxc5 24. Rxc5 Rxc5 25. Bxc5 Rd8 26. Qb3 Rxd1 27. Qxd1 a6 28. Qd7 h6 29. Be7 Qg6 30. h4 h5 31. Qc8+ Kh7 32. Qc2 1/2-1/2

[Event "XXVI. Rhein-Main-Open, Gruppe A"]
[Site "Bad Homburg vor der Höhe"]
[Date "2024.05.29"]
[Round "2"]
[White "Wanie, Karsten"]
[Black "Nothnagel, Marian Can"]
[Result "1/2-1/2"]
[WhiteElo "2023"]
[BlackElo "2393"]
[PlyCount "94"]
[EventDate "2024.??.??"]
[WhiteTeam "SC Matt im Park Ffm"]
[BlackTeam "SK Bickenbach"]

1. d4 Nf6 2. Nf3 g6 3. Bg5 Bg7 4. Nbd2 O-O 5. c3 h6 6. Bh4 d6 7. e4 c5 8. dxc5 dxc5 9. Be2 Nh5 10. O-O Nc6 11. Re1 Qc7 12. Qc2 Nf4 13. Bf1 Bg4 14. Bg3 Rad8 15. h3 Be6 16. Bc4 Bxc4 17. Nxc4 b5 18. Ne3 e6 19. a4 a6 20. axb5 axb5 21. Qb3 Rb8 22. Ra6 Ne5 23. Nxe5 Bxe5 24. Bxf4 Bxf4 25. Qa3 h5 26. h4 Rfd8 27. Nf1 Rd3 28. Ra8 b4 29. Rxb8+ Qxb8 30. Qa5 bxc3 31. bxc3 Qe5 32. g3 Bh6 33. f4 Qxc3 34. Qxc3 Rxc3 35. Kf2 Bf8 36. Re3 Rc4 37. e5 Rb4 38. Rc3 c4 39. Rc2 Bc5+ 40. Ke2 Bd4 41. Nd2 c3 42. Nf3 Bb6 43. Rxc3 Rb2+ 44. Nd2 Ba5 45. Rd3 f6 46. exf6 Kf7 47. Ke3 Bxd2+ 1/2-1/2

[Event "XXVI. Rhein-Main-Open, Gruppe A"]
[Site "Bad Homburg vor der Höhe"]
[Date "2024.05.29"]
[Round "2"]
[White "Werner, Claus"]
[Black "Faqiry, Ramat"]
[Result "1-0"]
[WhiteElo "2179"]
[BlackElo "1982"]
[PlyCount "81"]
[EventDate "2024.??.??"]
[WhiteTeam "SG Post/Süd Regensburg"]
[BlackTeam "SK Bad Homburg 1927"]

1. d4 Nf6 2. c4 e6 3. Nc3 Bb4 4. e3 O-O 5. Nge2 d5 6. a3 Bd6 7. cxd5 exd5 8. Ng3 c6 9. Bd3 Re8 10. O-O Qc7 11. b4 a6 12. Re1 Bg4 13. Qc2 Nbd7 14. Nf1 Nf8 15. Bb2 Re7 16. Na4 Rae8 17. Rac1 Bh5 18. Nc5 Bg6 19. a4 Bxd3 20. Nxd3 Ng6 21. Qb3 Qd7 22. Rc2 Nh4 23. Ne5 Bxe5 24. dxe5 Ne4 25. f3 Ng5 26. Rf2 Ng6 27. Ng3 Nh4 28. f4 Ne4 29. Nxe4 dxe4 30. Qc2 Qf5 31. Rd1 Re6 32. Rd4 Qh5 33. Qxe4 Nf5 34. Rd7 Rh6 35. g3 Qg4 36. Qf3 Qg6 37. e4 Nh4 38. Qd3 Qg4 39. f5 Qg5 40. Bc3 Qh5 41. Rd8 1-0

[Event "XXVI. Rhein-Main-Open, Gruppe A"]
[Site "Bad Homburg vor der Höhe"]
[Date "2024.05.29"]
[Round "2"]
[White "Wilk, Jan"]
[Black "Akhmatovski, Maxim"]
[Result "0-1"]
[WhiteElo "1874"]
[BlackElo "2101"]
[PlyCount "82"]
[EventDate "2024.??.??"]
[WhiteTeam "SC Bellheim"]
[BlackTeam "SV Oberursel"]

1. d4 d5 2. c4 c6 3. Nc3 Nf6 4. Nf3 e6 5. cxd5 exd5 6. e3 Bf5 7. Bd3 Bxd3 8. Qxd3 Bd6 9. O-O O-O 10. a3 a5 11. Bd2 Re8 12. Rfc1 Nbd7 13. Na4 Ne4 14. Be1 b5 15. Nc3 a4 16. Na2 Re6 17. Nb4 Bxb4 18. Bxb4 Nb6 19. Rc2 Nc4 20. Qf1 Qd7 21. Rac1 Rh6 22. Ne5 Qf5 23. Nxc4 bxc4 24. f3 Nd6 25. Qf2 Qd7 26. Bxd6 Rxd6 27. Rc3 Re6 28. Re1 Rae8 29. Qc2 Qa7 30. Qd1 g6 31. e4 f5 32. Rce3 fxe4 33. f4 c5 34. dxc5 Qxc5 35. Qxa4 Rb8 36. Qd7 Re7 37. Qg4 Rb3 38. Kf2 Rxe3 39. Rxe3 d4 40. Rg3 e3+ 41. Ke1 Qa5+ 0-1